| 000 | 00408nam a2200145Ia 4500 | ||
|---|---|---|---|
| 008 | 221030s9999 xx 000 0 und d | ||
| 041 | _aEnglish | ||
| 082 |
_a105.23 _bKot |
||
| 100 | _aC. P. Kothandaraman | ||
| 245 | 0 |
_aSteam Tables in SI Units & Gas Tables for Compressible Flow _cby C. P. Kothandaraman |
|
| 260 |
_bDhanpat Rai Pub _aNew Delhi _c1994 |
||
| 300 | _a56 | ||
| 650 | _aMechanical | ||
| 942 | _cBK | ||
| 999 |
_c6948 _d6948 |
||